A handbook to literature / (Record no. 1471)
[ view plain ]
| 000 -LEADER | |
|---|---|
| fixed length control field | 01484cac a22003611i 4500 |
| 003 - CONTROL NUMBER IDENTIFIER | |
| control field | EG-ScBUE |
| 005 - DATE AND TIME OF LATEST TRANSACTION | |
| control field | 20200106132018.0 |
| 008 - FIXED-LENGTH DATA ELEMENTS--GENERAL INFORMATION | |
| fixed length control field | 190724t2006 nju f d 001 0 eng d |
| 020 ## - INTERNATIONAL STANDARD BOOK NUMBER | |
| International Standard Book Number | 0131344420 |
| 020 ## - INTERNATIONAL STANDARD BOOK NUMBER | |
| International Standard Book Number | 9780131344426 |
| 040 ## - CATALOGING SOURCE | |
| Original cataloging agency | EG-ScBUE |
| Language of cataloging | eng |
| Description conventions | rda |
| Transcribing agency | EG-ScBUE |
| Modifying agency | EG-ScBUE |
| 082 04 - DEWEY DECIMAL CLASSIFICATION NUMBER | |
| Classification number | 803 |
| Item number | HAR |
| Edition number | 22 |
| 100 1# - MAIN ENTRY--PERSONAL NAME | |
| Personal name | Harmon, William, |
| Dates associated with a name | 1938- |
| Relator term | author. |
| 245 12 - TITLE STATEMENT | |
| Title | A handbook to literature / |
| Statement of responsibility, etc | William Harmon, University of North Carolina, Chapel Hill ; based on earlier editions by, William Flint Thrall, Addison Hibbard, C. Hugh Holman. |
| 250 ## - EDITION STATEMENT | |
| Edition statement | Tenth edition. |
| 264 #1 - PUBLICATION, DISTRIBUTION, ETC. (IMPRINT) | |
| Place of publication, distribution, etc | Upper Saddle River, New Jersy : |
| Name of publisher, distributor, etc | Pearson Prentice Hall, |
| Date of publication, distribution, etc | [2006] |
| 264 #4 - PUBLICATION, DISTRIBUTION, ETC. (IMPRINT) | |
| Date of publication, distribution, etc | c 2006 |
| 300 ## - PHYSICAL DESCRIPTION | |
| Extent | ix, 675 pages ; |
| Dimensions | 23 cm |
| 336 ## - CONTENT TYPE | |
| Source | rdacontent |
| Content type term | text |
| Content type code | txt |
| 337 ## - MEDIA TYPE | |
| Source | rdamedia |
| Media type term | unmediated |
| Media type code | n |
| 338 ## - CARRIER TYPE | |
| Source | rdacarrier |
| Carrier type term | volume |
| Carrier type code | nc |
| 500 ## - GENERAL NOTE | |
| General note | Includes appendix. |
| 500 ## - GENERAL NOTE | |
| General note | Includes appendices. |
| 520 ## - SUMMARY, ETC. | |
| Summary, etc | "A Handbook to Literature, 10th Edition provides an alphabetical listing of important terms and facts in literature including linguistics, rhetoric, criticism, and information technology." |
| 590 ## - LOCAL NOTE (RLIN) | |
| Local note | SHEFAA IBRAHEM |
| 650 #7 - SUBJECT ADDED ENTRY--TOPICAL TERM | |
| Topical term or geographic name as entry element | Literature |
| Form subdivision | Dictionaries. |
| Source of heading or term | BUEsh |
| 653 ## - INDEX TERM--UNCONTROLLED | |
| Resource For college | Humanities: English |
| Arrived date list | July2019 |
| 655 ## - INDEX TERM--GENRE/FORM | |
| Form subdivision | Reading book |
| 700 1# - ADDED ENTRY--PERSONAL NAME | |
| Personal name | Holman, C. Hugh |
| Fuller form of name | (Clarence Hugh), |
| Dates associated with a name | 1914- |
| Relator term | editor. |
| 700 1# - ADDED ENTRY--PERSONAL NAME | |
| Personal name | Thrall, William Flint, |
| Dates associated with a name | 1880-1941, |
| Relator term | editor. |
| 700 1# - ADDED ENTRY--PERSONAL NAME | |
| Personal name | Hibbard, Addison, |
| Dates associated with a name | 1887-1945, |
| Relator term | editor. |
| 942 ## - ADDED ENTRY ELEMENTS (KOHA) | |
| Koha item type | Reference (NB) |
| Call number prefix | 803H2881 |
| Source of classification or shelving scheme | Dewey Decimal Classification |
| Withdrawn status | Lost status | Damaged status | Not for loan | Home library | Current library | Shelving location | Date acquired | Source of acquisition | Total Checkouts | Full call number | Barcode | Date last seen | Date checked out | Price effective from | Koha item type |
|---|---|---|---|---|---|---|---|---|---|---|---|---|---|---|---|
| Central Library | Central Library | Second Floor | 06/09/2012 | Purchase | 2 | 803 HAR | 000002922 | 15/07/2025 | 01/03/2009 | 12/09/2006 | Book - Borrowing |